000 01113nam a22003257a 4500
003 CHAP
005 20220817042513.0
008 971013s1982 r 00010 d
010 _a46562
011 _a47534
035 _a51676
040 _cCHAP
082 _a378
_bU6
110 _aUniversidad Autónoma del Estado de Morelos
_9116367
245 _aInvestigaciones en proceso 1980-81-
260 _aCuernavaca, Mor. :
_bLa Universidad,
_c1982-
300 _av.
_b: ilus.
500 _aLa biblioteca tiene: 1980-81
590 _aBATCH-UPD
_b10
_c20130110
_lUCH01
_h1927
590 _aBATCH-UPD
_b10
_c20130410
_lUCH01
_h1252
590 _aBATCH-UPD
_b10
_c20130914
_lUCH01
_h1245
590 _aCONVERSION
_b10
_c20130109
_lUCH01
_h1325
650 1 4 _aEducación superior.
650 1 4 _aUniversidades
_xAdministración
_xMorelos.
_9116601
650 1 4 _aUniversidades
_xInvestigación
_xMorelos.
_9116643
901 _aBK
942 _cLIBRO
949 _a378 U6
_bBC
_cLIBRO
_d33724000150959
_eLIBRO
_f1980-81
_h58917
_i51676
_mD
_si
949 _a378 U6
_bBC
_cLIBRO
_d33724000150967
_eLIBRO
_f1980-81 c.2
_h58918
_i51676
_mD
_si
999 _c46562
_d46562